Cronistas coloniales

Guardat en:
Dades bibliogràfiques
Format: Llibre
Idioma:espanyol
Publicat: Puebla J.M. Cajica Jr 1960
Col·lecció:Biblioteca Ecuatoriana Mínima. La Colonia y La República
Matèries:
Etiquetes: Afegir etiqueta
Sense etiquetes, Sigues el primer a etiquetar aquest registre!

MARC

LEADER 00000nam a2200000 a 4500
001 UCX4839
003 CL-VaPUC
008 920803e19600000MX |||||||||||||||||spa|d
082 0 4 |a 986.6  |b CRO  |2 21 
245 1 0 |a Cronistas coloniales 
300 |a 2 v 
942 |c BK 
945 |d 19920803 00:00:00 
260 |a Puebla  |b J.M. Cajica Jr  |c 1960 
650 0 |a Historiadores  |9 314498 
650 0 |a Historia  |9 255047 
651 0 |a Ecuador  |9 258378 
583 |a last modification  |c 19920803 00:00:00  |k Rodrigo Vera 
490 0 |a Biblioteca Ecuatoriana Mínima. La Colonia y La República 
999 |c 225219  |d 225217 
952 |0 0  |1 0  |4 0  |6 986_600000000000000_CRO_1960  |7 0  |8 A  |9 222572  |a BIBHIS  |b BIBHIS  |d 2019-11-15  |h v.1  |i 2913739  |o 986.6 CRO 1960  |p 2913739  |r 2025-01-20  |w 2019-11-15  |y BK  |k HIS 
952 |0 0  |1 0  |4 0  |6 986_600000000000000_CRO_1960  |7 0  |8 A  |9 222573  |a BIBHIS  |b BIBHIS  |d 2019-11-15  |h v.2  |i 2913747  |o 986.6 CRO 1960  |p 2913747  |r 2025-01-20  |w 2019-11-15  |y BK  |k HIS